01361nam a2200349 a 450000500170000000800410001702000150005804100080007324501320008125000120021326000470022530000110027250001900028365300310047365300340050465300580053865300350059665300840063165300510071570000180076670000240078470000170080870000180082570000190084370000190086270000200088170000200090170000190092170000220094070000280096270000210099020240412132912.0100309t1985||||ag f | 1s0 spa d a9505510527 aspa4 aLos derechos humanos como politica.bEncuentro realizado el 20 y 21 de Junio de 1984 en Santiago de Chile /cFranz Hinkelammert a1a ed.  aBuenos Aires:bEdiciones La Aurora;c1985. a181 p. aHinkelammert, F. et al. (1985). Los derechos humanos como política. Encuentro realizado el 20 y 21 de junio de 1984 en Santiago de Chile. (1a ed.). Buenos Aires : Ediciones La Aurora. aEducación y mundo actual aEducar hoy ... ¿ para què? 4aUna alternativa educativa : educación personalizada 3aLa educación en los valores  aPersonalización de proferosresy personal directivo. Actitudes del magisterio. 1a¿Cómo poner en marcha un cambio educativo ?1 aVillela, Hugo1 aHinkelammert, Franz1 aLandi, Oscar1 aLlano, Daniel1 aMorande, Pedro1 aHourton, Jorge1 aCastillo, Jaime1 aLira, Elizabeth1 aInsunza, Mario1 aDominguez, Andres1 aViera Gallo, J. Antonio1 aLechner, Norbert